Průvodce studiem economics

Salvato in:
Dettagli Bibliografici
Autore principale: Havel, Jiří
Natura: Libro
Lingua:ceco
Pubblicazione: Praha ALEKO 1991
Edizione:1. vyd.
Tags: Aggiungi Tag
Nessun Tag, puoi essere il primo ad aggiungerne!!

MARC

LEADER 00000nam a2200000 4500
001 c024220
005 20221214101719.5
041 0 |a cze 
044 |a CZ 
245 1 0 |a Průvodce studiem economics  |c Jiří Havel a kol. 
250 |a 1. vyd. 
264 1 |a Praha  |b ALEKO  |c 1991 
300 |a 240 s. 
100 1 |a Havel, Jiří